Wszystkie gole reprezentacji Polski w historii Mistrzostw Świata - Statystyki

Ogólne statystyki
  • Ten quiz został rozwiązany 30 razy
  • Średni wynik to 37 z 48
Statystyki odpowiedzi
Odpowiedź % Poprawnych
Robert Lewandowski
100%
Robert Lewandowski
100%
Piotr Zieliński
96%
Grzegorz Lato
93%
Grzegorz Lato
93%
Grzegorz Lato
93%
Grzegorz Lato
93%
Grzegorz Lato
93%
Grzegorz Lato
93%
Grzegorz Lato
93%
Grzegorz Lato
93%
Grzegorz Lato
93%
Grzegorz Lato
93%
Kazimierz Deyna
93%
Kazimierz Deyna
93%
Kazimierz Deyna
93%
Kazimierz Deyna
93%
Zbigniew Boniek
93%
Zbigniew Boniek
93%
Zbigniew Boniek
93%
Zbigniew Boniek
93%
Zbigniew Boniek
93%
Zbigniew Boniek
93%
Grzegorz Krychowiak
82%
Emmanuel Olisadebe
79%
Andrzej Szarmach
75%
Andrzej Szarmach
75%
Andrzej Szarmach
75%
Andrzej Szarmach
75%
Andrzej Szarmach
75%
Andrzej Szarmach
75%
Andrzej Szarmach
75%
Jan Bednarek
75%
Włodzimierz Smolarek
71%
Marcin Bosacki
68%
Marcin Bosacki
68%
Marcin Żewłakow
68%
Ernest Wilimowski
64%
Ernest Wilimowski
64%
Ernest Wilimowski
64%
Ernest Wilimowski
64%
Paweł Kryszałowicz
54%
Jerzy Gorgoń
50%
Janusz Kupcewicz
46%
Fryderyk Scherfke
43%
Stefan Majewski
29%
Andrzej Buncol
21%
Włodzimierz Ciołek
7%
Nie znaleziono quizów pasujących do podanych kryteriów
Rozkład punktacji
Procent ludzi z każdym wynikiem
Percentyl według liczby udzielonych odpowiedzi
Twoja historia wyników
Nie rozwiązałeś tego quizu